[Event "Cologne Longerich op-A 10th"]
[Site "Cologne"]
[Date "2013.07.22"]
[Round "5"]
[White "Mandt, Joachim"]
[Black "Speck, Stefan"]
[Result "0-1"]
[WhiteElo "1788"]
[BlackElo "1998"]
[PlyCount "56"]
[EventDate "2013.07.19"]
[EventType "tourn"]
[EventRounds "5"]
[EventCountry "GER"]
[SourceTitle "EXT 2017"]
[Source "ChessBase"]
[SourceDate "2016.10.25"]
[SourceVersion "1"]
[SourceVersionDate "2016.10.25"]
[SourceQuality "1"]

1. e4 c6 2. d4 d5 3. exd5 cxd5 4. c4 Nf6 5. Nc3 e6 6. Nf3 Nc6 7. cxd5 Nxd5 8. a3 Be7 9. Bd3 Bf6 10. Ne2 0-0 11. 0-0 b6 12. Bxh7+ Kxh7 13. Qc2+ Kg8 14. Qxc6 Ba6 15. Re1 Qe7 16. Ng3 Bb7 17. Qa4 Rfd8 18. Re4 Rac8 19. Rg4 Qc7 20. h3 Qc2 21. Qxc2 Rxc2 22. Nh5 Kf8 23. Rb1 Rdc8 24. Bf4 Nxf4 25. Nxf4 Bxf3 26. gxf3 Rd2 27. Nh5 Bxd4 28. b4 g6 0-1

[Event "Bad Godesberg op 16th"]
[Site "Bad Godesberg"]
[Date "2012.07.09"]
[Round "3"]
[White "Mandt, Joachim"]
[Black "Koehler, Christian Friedrich"]
[Result "0-1"]
[WhiteElo "1779"]
[BlackElo "2016"]
[PlyCount "90"]
[EventDate "2012.07.07"]
[EventType "swiss"]
[EventRounds "9"]
[EventCountry "GER"]
[SourceTitle "CBM 149 Extra"]
[Source "ChessBase"]
[SourceDate "2012.08.24"]
[SourceVersion "1"]
[SourceVersionDate "2012.08.24"]
[SourceQuality "1"]

1. e4 c6 2. d4 d5 3. exd5 cxd5 4. c4 Nf6 5. Nc3 Nc6 6. Nf3 Bg4 7. Be3 e6 8. a3 Be7 9. cxd5 Nxd5 10. Be2 0-0 11. 0-0 Rc8 12. Ne4 Qb6 13. Rb1 f5 14. Nc3 f4 15. Bd2 Bf5 16. Na4 Qd8 17. Rc1 Bf6 18. Bc3 g5 19. h3 Kh8 20. Re1 Rg8 21. Nc5 b6 22. Nd3 Qf8 23. Nfe5 Nxe5 24. Nxe5 Bxe5 25. dxe5 Nxc3 26. bxc3 Qxa3 27. Qd7 Rge8 28. Qf7 Rf8 29. Qd7 a5 30. c4 Qc5 31. Bg4 Rcd8 32. Qb5 Qxb5 33. cxb5 Bxg4 34. hxg4 Rd5 35. Rc7 Rxb5 36. Rd1 Rd5 37. Rb1 b5 38. Ra7 Rfd8 39. Rb3 a4 40. Rh3 R8d7 41. Ra8+ Kg7 42. Rc3 Rxe5 43. Rcc8 Re1+ 44. Kh2 Rdd1 45. Rg8+ Kh6 0-1

[Event "Bad Godesberg op 16th"]
[Site "Bad Godesberg"]
[Date "2012.07.07"]
[Round "1"]
[White "Mandt, Joachim"]
[Black "Wacker, Peter"]
[Result "0-1"]
[WhiteElo "1779"]
[BlackElo "2300"]
[PlyCount "76"]
[EventDate "2012.07.07"]
[EventType "swiss"]
[EventRounds "9"]
[EventCountry "GER"]
[SourceTitle "CBM 149 Extra"]
[Source "ChessBase"]
[SourceDate "2012.08.24"]
[SourceVersion "1"]
[SourceVersionDate "2012.08.24"]
[SourceQuality "1"]

1. e4 c5 2. c3 d6 3. Nf3 Nc6 4. Bb5 Bd7 5. 0-0 a6 6. Bc4 b5 7. Bxf7+ Kxf7 8. Ng5+ Ke8 9. f4 Nf6 10. d4 cxd4 11. cxd4 Qb6 12. Be3 Ng4 13. Bf2 Nxf2 14. Rxf2 Qxd4 15. Qb3 Qc4 16. Qe3 h6 17. Nf3 Qc5 18. Qd2 g5 19. Nc3 g4 20. Nh4 Bg7 21. Kh1 Qd4 22. Qe2 Qf6 23. g3 Nd4 24. Qd3 Bc6 25. Rc1 Qf7 26. b3 b4 27. Nd1 Bb5 28. Qe3 Kd7 29. Rd2 Rhc8 30. Rb1 Nc2 31. Qf2 Bc6 32. Qe2 Nd4 33. Qxg4+ Qe6 34. Qxe6+ Nxe6 35. Nf2 Nc5 36. Rbd1 Nxe4 37. Nxe4 Bxe4+ 38. Kg1 Rc2 0-1